00663nam a2200229 a 4500001001300000003000900013005001700022008004100039020001000080082001600090100002300106245002100129260003800150300000900188500003500197650002900232700002300261902000800284942000700292952011700299999001700416nice12345678IN_TiNIC20260116014328.0080609s1973 dela grp 000 0 urd  ac12000a297.64bNAJ aNajmul Hasan, Syed aChawdah Sitaarey aDelhi bJafari Kutub Khana c1973 a606p aincludes index and biblioraphy aMuhammad, Prophet-Family1 aNajmul Hasan, Syed bSRS cBK 001040708StackRoom-aHMIbHMId2009-04-21g120.00l0o297.64 NAJp022424r2009-04-21v120.00w2008-06-09yBK c14836d14836